[Event "13th Poti Nana Aleksandria Cup"]
[Site "Poti"]
[Date "2018.07.20"]
[Round "9"]
[White "Harutjunyan, Gevorg"]
[Black "Paichadze, Luka"]
[Result "1/2-1/2"]
[WhiteElo "2418"]
[BlackElo "2564"]
[Annotator "TA"]
[PlyCount "41"]
[EventDate "2018.07.13"]
[EventType "swiss"]
[EventCountry "GEO"]
[SourceTitle "playchess.com"]
[Source "ChessBase"]
[SourceQuality "1"]

{[%evp 33,37,33,56,34,15,0]} 1. e4 c6 2. d4 d5 3. Nd2 dxe4 4. Nxe4 Bf5 5. Ng3 Bg6 6. Nf3 Nd7 7. h4 h6 8. h5 Bh7 9. Bd3 Bxd3 10. Qxd3 e6 11. Bd2 Qc7 12. O-O-O O-O-O 13. Qe2 Ngf6 14. Ne5 Nxe5 15. dxe5 Nd7 16. f4 Be7 17. Ne4 Nc5 {LiveBook: 8 Partien} 18. Nxc5 {B19: Caro-Kann (Hauptvariante)} Bxc5 19. Be3 {Vorgänger:} Qb6 $146 20. Bxc5 Qxc5 21. g4 {½-½ (21) Chkhaidze,N (2372)-Tsomaia,N (2238) Batumi 2017} 1/2-1/2

[Event "13th Poti Nana Aleksandria Cup"]
[Site "Poti"]
[Date "2018.07.20"]
[Round "9"]
[White "Arabidze, Meri"]
[Black "Der Manuelian, Haik"]
[Result "1-0"]
[WhiteElo "2397"]
[BlackElo "2242"]
[Annotator "TA"]
[PlyCount "65"]
[EventDate "2018.07.13"]
[EventType "swiss"]
[EventCountry "GEO"]
[SourceTitle "playchess.com"]
[Source "ChessBase"]
[SourceQuality "1"]

{[%evp 14,65,15,-37,-10,-19,0,0,14,29,42,23,46,40,66,75,81,11,12,14,70,-4,25,41,56,32,72,72,58,66,69,40,52,70,85,34,251,266,242,212,340,380,339,175,693,686,664,639,5402,1979,29989,29989,29990,518]} 1. d4 d5 2. c4 e6 3. Nc3 Be7 4. Nf3 Nf6 5. Bf4 O-O 6. e3 Nbd7 7. Qc2 c5 8. O-O-O {LiveBook: 7 Games. D37: Queen's Gambit Declined: 5 Bf4} ({White must play} 8. dxc5 $1 $11 Nxc5 9. O-O-O) (8. Rd1 cxd4 9. Rxd4 Qa5 10. Bg3 Nb6 11. Nd2 dxc4 12. Bxc4 Nxc4 13. Nxc4 Qa6 14. O-O Rd8 15. Rxd8+ Bxd8 {½-½ (40) Mamedyarov,S (2814)-Giri,A (2777) Shamkir 2018}) 8... cxd4 9. Rxd4 {[%cal Rc4d5]} Bc5 10. Rd1 {[%cal Rc4d5] The position is equal.} dxc4 11. Bxc4 a6 12. Ng5 {aiming for Nce4.} Qa5 $146 ({Predecessor:} 12... h6 13. h4 Qe7 14. Nce4 Nxe4 15. Nxe4 Nf6 16. Bg5 b6 17. Nxf6+ gxf6 18. Bxh6 {1-0 (29) Visloguzov,V (1937)-Rice,I (1522) ICCF email 2010}) 13. Kb1 Bb4 14. Nce4 $1 Nxe4 15. Qxe4 (15. Nxe4 $16 h6 16. Bb3) 15... Nf6 $11 16. Qc2 $1 g6 ({Better is} 16... h6 $11 17. Ne4 Nd5) 17. Nf3 (17. h4 $14) 17... Be7 18. Ne5 Qc5 19. Rc1 $36 {[%mdl 2048] Black is under pressure.} Nh5 20. Rhd1 $1 Nxf4 21. exf4 Bf6 22. Qe2 (22. Be2 $5 {[%cal Rc2c5]} Qxc2+ 23. Rxc2 $16) 22... Qa5 23. Bb3 Rd8 24. g4 (24. Qe3 $16) 24... g5 $2 ({Black should play} 24... Rxd1 $14 25. Bxd1 Rb8) 25. Rxd8+ $18 Qxd8 26. fxg5 $1 Bxg5 (26... Bxe5 {was called for.} 27. Qxe5 Bd7) 27. Rd1 $1 {[%cal Rd1d8]} Qf6 {[#]} 28. Nf3 (28. h4 $142 $1 {[%mdl 512]} Bxh4 29. Qe4) 28... Bf4 $2 {[#]} (28... e5) 29. g5 $1 {[%mdl 512]} Qf5+ (29... Bxg5 30. Rg1) 30. Bc2 Qa5 31. Qe4 e5 32. Qxh7+ Kf8 33. Qh8+ {Precision: White = 58%, Black =  9%.} (33. Bb3 $142 Bf5+ 34. Qxf5 Qc7 {[#]} 35. Nxe5 $1 {[%mdl 512]} Bxe5 36. Rd7 Qc1+ 37. Kxc1 Rc8+ 38. Kb1) 1-0

[Event "13th Poti Nana Aleksandria Cup"]
[Site "Poti"]
[Date "2018.07.20"]
[Round "9"]
[White "Chkhaidze, Nikoloz"]
[Black "Mustafayev, Farid"]
[Result "1-0"]
[WhiteElo "2337"]
[BlackElo "2068"]
[Annotator "TA"]
[PlyCount "111"]
[EventDate "2018.07.13"]
[EventType "swiss"]
[EventCountry "GEO"]
[SourceTitle "playchess.com"]
[Source "ChessBase"]
[SourceQuality "1"]

{[%evp 18,111,0,0,0,-16,54,56,62,60,48,40,39,0,14,0,0,0,7,-13,9,8,83,38,46,38,75,4,13,9,4,-14,-10,-25,40,45,300,291,393,116,111,116,259,270,256,166,168,169,168,170,1481,0,46,0,1216,76,156,164,114,131,133,150,137,148,117,122,310,309,302,290,278,286,280,283,273,273,273,262,283,152,572,558,552,253,513,491,508,174,1374,1347,1264,1235,6431,1141,1141,844]} 1. c4 Nf6 2. d4 e6 3. Nc3 d5 4. Nf3 dxc4 5. e4 c5 6. d5 exd5 7. exd5 Bd6 8. Bxc4 O-O 9. O-O Bg4 10. h3 {LiveBook: 5 Games. D24: Queen's Gambit Accepted: 3 Nf3 Nf6 4 Nc3} Bh5 11. Bg5 Re8 (11... Nbd7 $11) (11... h6 12. Bh4 Nbd7 13. Ne4 Bf4 14. Re1 g5 15. Bg3 Ne5 16. Be2 Nxe4 17. Bxf4 Nxf3+ 18. Bxf3 Bxf3 19. Qxf3 f5 20. Qh5 gxf4 21. Qg6+ {½-½ (21) Akopian,V (2698)-Shirov,A (2730) Ohrid 2009}) 12. Bb5 $14 {White is slightly better.} Re7 $146 ({Predecessor:} 12... Re5 13. Bh4 Qc8 14. Qd3 Bxf3 15. Qxf3 Qf5 16. Qxf5 Rxf5 17. g4 Rf4 18. Bg3 {1-0 (37) Lassila,E-Kivimaki,J Finland 1993}) 13. Bxf6 gxf6 14. Bd3 Nd7 15. Ne4 (15. Bf5 {is interesting.} Ne5 16. g4 Bg6 17. Nh4 Nc4 18. b3) 15... Bf4 16. Ng3 Bxg3 $1 17. fxg3 Ne5 18. Be4 Bg6 19. Nxe5 fxe5 (19... Rxe5 $11 {remains equal.} 20. Bf3 Qd6) 20. Qf3 Qb6 21. Rf2 Rf8 22. g4 ({White should try} 22. Rd1 $16) 22... Qb4 $11 23. Bf5 {d6 is the strong threat.} e4 24. Qe2 Rd8 25. Rd1 Rd6 (25... e3 $11 26. Rf3 c4) 26. Qe3 $14 Re5 $2 {[%mdl 8192]} (26... Qb5 $14) 27. Bxg6 $1 $18 hxg6 28. Rxf7 $2 (28. Qf4 $1 $18 {[%cal Rf4f7] and the rest is easy.} f6 29. Qh6) 28... Rexd5 $16 29. Rdf1 {Rf8+ would kill now.} Rd7 (29... Rd1 $16) 30. Qf4 $18 {White threatens Rf8+ and mate.} Qd4+ 31. Kh1 {Black must now prevent Qb8+.} e3 32. Qb8+ Rd8 33. Rf8+ (33. Qxb7 $6 e2 $14) 33... Kg7 $2 (33... Kh7 34. Qc7+ (34. Qxb7+ R5d7 $14) 34... R8d7) 34. R8f7+ $2 ({Only move:} 34. g5 $18 {[%csl Gf8][%cal Rf1f7]} R5d7 35. Qxd8 $1 {[%mdl 512]}) 34... Kg8 $1 $14 35. Rf8+ $2 {[%mdl 8192]} (35. Qxb7 $14 R5d7 36. Rxd7 Rxd7 37. Qc6) 35... Kg7 $1 $18 36. R1f7+ $2 (36. g5 $18 {[%csl Gf8][%cal Rf1f7]} R5d7 37. Qxd8 $1 {[%mdl 512]}) 36... Kh6 $16 37. Qg3 {White wants to mate with Qh4+.} g5 38. Rf6+ Kg7 39. Qc7+ R5d7 40. R8f7+ $40 {[%mdl 128] Black is in trouble.} Kg8 41. Rxd7 Qxd7 $2 {[%mdl 4096] Endgame KQR-KQR} (41... Rxd7 $16 {is a better defense.} 42. Qc8+ Kh7) 42. Qe5 $18 e2 {Threatens to win with ...Qg7.} 43. Kh2 ({Not} 43. Qxe2 Qd1+ 44. Qxd1 Rxd1+ 45. Kh2 Rd5 $16) 43... e1=Q 44. Qxe1 Re8 45. Qg3 Qe7 46. Rf5 b6 47. a4 Kg7 {[#]} 48. a5 $1 {[%mdl 512]} Kh6 $2 (48... Qd8 $16 {is more resistant.} 49. Qc3+ Kg6) (48... bxa5 49. Qc3+) 49. axb6 axb6 {[#]} 50. Rd5 (50. h4 $142 $1 {[%mdl 512]}) 50... Rd8 $2 (50... Qf7 51. Rf5 Qe7) 51. Re5 Qf6 {[#]} 52. Qe3 $2 (52. h4 $1 {[%mdl 512]} Kh7 (52... gxh4 53. Qe3+) 53. Rxg5 (53. hxg5 Qd6 $16)) 52... Rd6 $2 (52... Rd3 53. Re6 (53. Qxd3 Qxe5+ 54. Qg3 Qxb2 $11) 53... Rxe3 54. Rxf6+ Kg7 55. Rxb6 c4) 53. Rf5 {White is clearly winning.} Qd8 54. h4 Qc7 55. Qxg5+ (55. g3 $142 Kh7 56. Qe4) 55... Kh7 56. Qf4 {Precision: White = 40%, Black = 34%.} 1-0

[Event "13th Poti Nana Aleksandria Cup"]
[Site "Poti"]
[Date "2018.07.20"]
[Round "9"]
[White "Sattarov, Bobir"]
[Black "Tutisani, Noe"]
[Result "1/2-1/2"]
[WhiteElo "2328"]
[BlackElo "2469"]
[Annotator "TA"]
[PlyCount "86"]
[EventDate "2018.07.13"]
[EventType "swiss"]
[EventCountry "GEO"]
[SourceTitle "playchess.com"]
[Source "ChessBase"]
[SourceQuality "1"]

{[%evp 25,86,0,0,-27,-8,-37,-29,-72,-77,-69,-12,-20,0,-17,-15,-8,14,-6,0,0,0,0,0,-8,-8,0,-14,-31,20,20,31,20,22,12,34,30,35,46,45,31,43,27,40,38,43,35,44,43,41,42,42,37,28,26,36,34,29,0,46,32,45,46,46]} 1. e4 e5 2. Nf3 Nc6 3. Bb5 {[%cal Bf1b5,Bb5a4,Ba4b3,Bb3d5][%mdl 32]} a6 4. Ba4 d6 5. d4 b5 6. Bb3 Nxd4 7. Nxd4 exd4 8. Bd5 Rb8 9. Qxd4 Nf6 10. Bc6+ Bd7 11. Bxd7+ Qxd7 12. O-O Be7 13. Nc3 O-O {LiveBook: 28 Games} 14. Re1 {C71: Ruy Lopez: Deferred Steinitz Variation, sidelines} Rfe8 15. Bf4 b4 16. Ne2 {Black has an edge.} Qc6 17. Ng3 Ng4 $146 (17... Nd7 $15 18. Rab1 Bf6) ({Predecessor:} 17... Nd7 18. Nh5 Bf8 19. Re3 Rb5 20. g4 g6 21. c4 bxc3 {0-1 (31) Chernitsin,I-Yandemirov,V (2430) Ekaterinburg 1996}) 18. Qd1 $11 Ne5 19. Be3 Rbd8 20. Bd4 Qb5 21. a4 Qd7 22. b3 c5 23. Bxe5 dxe5 24. Nf5 {[%cal Bg3f5,Bf5e3,Be3c4][%mdl 32]} Qe6 25. Qg4 {[%csl Gf5][%cal Rg4g7] [#]} Bf8 26. Rad1 g6 ({Black should try} 26... c4 $15) 27. Ne3 Rd4 28. Qxe6 Rxe6 29. Nc4 Bh6 30. f3 Kf8 31. Kf2 Re8 32. Rxd4 cxd4 $14 {[%mdl 4096] Endgame KRB-KRN} 33. Ke2 f6 34. g3 Ke7 35. Kd3 Rc8 36. Rf1 Ke6 37. f4 Rc5 38. fxe5 fxe5 39. h4 Rc7 40. Ke2 Bg7 41. h5 Rc8 42. Rh1 Rc7 43. hxg6 hxg6 {Precision: White = 46%, Black = 45%.} 1/2-1/2

[Event "13th Poti Nana Aleksandria Cup"]
[Site "Poti"]
[Date "2018.07.20"]
[Round "9"]
[White "Aliyev, Ravan"]
[Black "Matsenko, Sergei"]
[Result "1/2-1/2"]
[WhiteElo "2324"]
[BlackElo "2539"]
[Annotator "TA"]
[PlyCount "87"]
[EventDate "2018.07.13"]
[EventType "swiss"]
[EventCountry "GEO"]
[SourceTitle "playchess.com"]
[Source "ChessBase"]
[SourceQuality "1"]

{[%evp 19,87,25,11,0,0,-10,0,-24,4,3,32,18,41,45,62,62,66,61,68,63,66,66,81,69,81,71,74,51,98,104,100,109,109,99,103,85,96,56,56,51,68,62,114,8,8,8,8,8,8,0,0,0,8,8,8,8,8,8,8,8,8,8,8,8,8,8,8,8,8,8]} 1. d4 Nf6 2. c4 e6 3. Nc3 Bb4 4. Nf3 c5 5. g3 cxd4 6. Nxd4 Ne4 7. Qc2 Nxc3 {E20: Nimzoindisch (Seltene Züge)} (7... Qa5 8. Bg2 Nxc3 9. O-O Nc6 10. bxc3 Bxc3 11. Nb3 Nd4 12. Nxd4 Bxd4 13. Rb1 d6 14. Bb2 Bxb2 15. Qxb2 {0-1 (90) Carlsen,M (2855)-Caruana,F (2804) Leuven 2016 CBM 173 [Besenthal,K]}) 8. bxc3 Be7 9. Bg2 O-O $146 ({Vorgänger:} 9... a6 10. Rb1 Qc7 11. O-O Nc6 12. Nb3 O-O 13. Bf4 e5 14. Be3 Rb8 15. Rfd1 {½-½ (26) Mitkov,M (2290)-Kunovac,D Brezovica 1988}) 10. O-O a6 {LiveBook: 3 Partien} 11. Nb3 d6 12. Rd1 Qc7 13. Rb1 Nc6 14. Bf4 e5 15. Be3 Rb8 16. Nd2 b5 17. cxb5 axb5 18. a4 bxa4 19. Qxa4 Bd7 20. Qc4 Rfc8 21. Bd5 Be8 22. Ne4 Qd8 23. Qa6 Qa5 24. Qxa5 Nxa5 25. Rxb8 Rxb8 26. Ra1 $1 {[%cal Ra1a5]} Nc6 {[#]} 27. Ra6 $1 Rc8 28. f4 Kf8 29. f5 Nd8 30. c4 Nc6 {[#]} (30... Bc6 $14) 31. Kg2 (31. f6 $1 $16 {[%cal Rf6e7]} gxf6 32. Bh6+ Kg8 33. g4) 31... Nb4 $11 {Die Stellung ist ausgeglichen.} 32. Rb6 ({Falsch wäre} 32. Rxd6 $2 Nxd5 33. cxd5 Bxd6 $19) 32... Nxd5 33. cxd5 f6 34. Nxd6 Bxd6 35. Rxd6 {[%mdl 4096] Endspiel KTL-KTL} Bf7 36. Kf2 Ke7 37. Rc6 Rxc6 38. dxc6 {KL-KL} Kd6 39. Bc5+ Kxc6 40. Bf8 g6 41. fxg6 hxg6 42. Bg7 f5 43. Bxe5 Kd5 44. Bb2 {Precision: Weiß = 65%, Schwarz = 74%.} 1/2-1/2

[Event "13th Poti Nana Aleksandria Cup"]
[Site "Poti"]
[Date "2018.07.20"]
[Round "9"]
[White "Gharagyozyan, Artur"]
[Black "Janiashvili, Mariami"]
[Result "1/2-1/2"]
[WhiteElo "2302"]
[BlackElo "1988"]
[Annotator "TA"]
[PlyCount "46"]
[EventDate "2018.07.13"]
[EventType "swiss"]
[EventCountry "GEO"]
[SourceTitle "playchess.com"]
[Source "ChessBase"]
[SourceQuality "1"]

{[%evp 13,46,-12,-16,-19,-16,-26,-26,-37,-41,-38,-23,-25,-3,-6,0,-40,0,-19,-14,-15,-7,0,-7,-32,0,0,4,0,0,0,21,25,27,16,18]} 1. e4 d6 2. d4 Nf6 3. Nc3 e5 4. dxe5 dxe5 5. Qxd8+ Kxd8 6. Bg5 Be6 7. Nd5 {B07: Pirc-Ufimzew-Verteidigung} (7. O-O-O+ Kc8 8. f4 exf4 9. Nf3 Nbd7 10. Bxf4 Bc5 11. h3 Nh5 12. Bh2 Be3+ 13. Kb1 Bf4 14. Bxf4 Nxf4 15. Nd4 c6 16. g3 Ng6 17. Nxe6 fxe6 {0-1 (53) Kravtsiv,M (2672)-Khismatullin,D (2632) Riadh 2017}) 7... Nbd7 {LiveBook: 4 Partien} 8. Nxf6 {[#] zielt auf Td1 ab.} gxf6 9. Be3 Bc5 $146 ({Vorgänger:} 9... Bb4+ 10. c3 Bc5 11. Bxc5 Nxc5 12. f3 Ke7 13. b4 Na4 14. c4 a5 {0-1 (24) Alberola Mulet,B-Garcia Fernandez,C (2350) Valencia 1996}) 10. Bxc5 Nxc5 11. f3 Ke7 12. Ne2 Rad8 13. Nc3 c6 14. Rd1 Rhg8 15. g4 a5 16. a3 (16. b3 {keeps more tension.} h5 17. Rxd8 Rxd8 18. h3 Rh8 19. Bg2) 16... b5 17. Rxd8 Rxd8 18. Be2 Bc8 19. Nd1 Ne6 20. Ne3 Nf4 21. h4 Ba6 22. Bf1 Rg8 {[#]} 23. a4 $1 {[%mdl 512]} Rb8 {Precision: Weiß = 61%, Schwarz = 44%.} (23... bxa4 24. Bxa6) 1/2-1/2

[Event "13th Poti Nana Aleksandria Cup"]
[Site "Poti"]
[Date "2018.07.20"]
[Round "9"]
[White "Martynyuk, Elizaveta"]
[Black "Eynullayev, Atilla"]
[Result "1/2-1/2"]
[WhiteElo "2182"]
[BlackElo "2120"]
[Annotator "NA RC"]
[PlyCount "161"]
[EventDate "2018.07.13"]
[EventType "swiss"]
[EventCountry "GEO"]
[SourceTitle "playchess.com"]
[Source "ChessBase"]
[SourceQuality "1"]
[TimeControl "40/5400+30:1800+30"]

{[%evp 20,153,15,22,32767,32767,32767,20,30,21,55,44,58,36,80,53,32767,32767,32767,32767,5,2,10,0,0,0,41,42,51,54,54,32767,32767,32767,32767,32767,34,32767,22,2,0,0,0,32767,0,32767,32767,32767,32767,32767,32767,32767,0,32767,32767,32767,0,-43,32767,-26,32767,32767,32767,32767,32767,32767,32767,32767,0,0,0,0,0,0,0,0,0,0,0,0,0,0,0,2,32767,32767,32767,32767,0,0,0,0,0,32767,0,-22,32767,32767,-69,32767,32767,-99,-97,-113,-104,-118,-102,32767,32767,32767,32767,32767,32767,32767,-79,-95,-66,-114,32767,32767,-81,32767,-87,-97,32767,-93,-93,-101,-82,-111,-79,-86,-99,-84,-72,-54]} 1. e4 {[%emt 0:03:14]} e6 {[%emt 0:00:00]} 2. d4 {[%emt 0:00:05]} d5 {[%emt 0:00:00]} 3. Nc3 {[%emt 0:00:06]} Bb4 {[%emt 0:00:00]} 4. exd5 {[%emt 0:00:10]} exd5 {[%emt 0:00:00]} 5. Bd3 {[%emt 0:00:06]} Nc6 {[%emt 0:00:00]} 6. a3 {[%emt 0:00:18]} Ba5 {[%emt 0:00:00]} 7. Nge2 {[%emt 0:00:12]} Nge7 {[%emt 0:00:00]} 8. O-O {[%emt 0:00:15]} O-O {[%emt 0:00:06]} 9. Na4 {[%emt 0:00:41] C01: French: Exchange Variation} (9. Bg5 f6 10. Be3 Bf5 11. Nf4 Bxc3 12. bxc3 Qd7 13. c4 Bxd3 14. Qxd3 Rad8 15. Rab1 b6 16. Rb5 dxc4 17. Qxc4+ {0-1 (48) Hou,Y (2680)-Mamedyarov,S (2804) Wijk aan Zee 2018}) 9... Bf5 {[%emt 0:05:02]} 10. Bg5 $146 {[%emt 0:02:19]} ({Predecessor:} 10. Bf4 Qc8 11. b4 Bb6 12. Nxb6 axb6 13. Re1 Qd7 14. Qd2 Rfe8 15. Bb5 Ng6 16. Bg3 Re7 {½-½ (40) Abrahamyan,T (2366)-Matsenko,S (2563) Saint Louis 2018}) 10... f6 {[%emt 0:07:15]} 11. Be3 {[%emt 0:00:48]} Bb6 {[%emt 0:04:29]} 12. Nxb6 {[%emt 0:00:50]} axb6 {[%emt 0:00:22]} 13. Re1 {[%emt 0:03:22]} Qd7 {[%emt 0:03:23]} 14. Bb5 {[%emt 0:00:34]} Bg6 {[%emt 0:05:15]} 15. Nf4 {[%emt 0:02:46]} Bf7 {[%emt 0:02:39]} 16. Qf3 {[%emt 0:03:21]} Rae8 {[%emt 0:07:09]} 17. Rad1 {[%emt 0:02:01]} Ng6 {[%emt 0:05:25]} 18. Qg3 {[%emt 0:04:55]} Re7 {[%emt 0:03:34]} 19. Bd3 {[%emt 0:05:06]} Nxf4 {[%emt 0:12:15]} 20. Bxf4 {[%emt 0:01:40]} Rfe8 {[%emt 0:08:59]} 21. Rxe7 {[%emt 0:00:44]} Rxe7 {[%emt 0:00:41]} 22. c3 {[%emt 0:00:45]} Be6 {[%emt 0:05:40]} 23. h4 {[%emt 0:02:05]} Bg4 {[%emt 0:05:55]} 24. f3 {[%emt 0:00:20]} Bh5 {[%emt 0:04:33]} 25. Re1 {[%emt 0:04:50]} Rxe1+ {[%emt 0:01:10]} 26. Qxe1 {[%emt 0:00:03]} Nd8 {[%emt 0:00:57]} 27. g4 {[%emt 0:04:01]} Bg6 {[%emt 0:02:11]} 28. Bf1 {[%emt 0:01:36]} h5 {[%emt 0:05:02]} 29. g5 {[%emt 0:03:44]} fxg5 {[%emt 0:08:46]} 30. Bxg5 {[%emt 0:00:16]} Nf7 {[%emt 0:00:46]} 31. Qg3 {[%emt 0:01:13]} Qf5 {[%emt 0:01:19]} 32. Qxc7 {[%emt 0:00:48]} Qxf3 {[%emt 0:01:32]} 33. Qf4 {[%emt 0:07:49]} Qd1 {[%emt 0:01:01]} 34. Qd2 {[%emt 0:00:26]} Qg4+ {[%emt 0:00:39]} 35. Qg2 {[%emt 0:00:37]} Qf5 {[%emt 0:00:20]} 36. Bd2 {[%emt 0:02:04]} Kh7 {[%emt 0:00:34]} 37. Be2 {[%emt 0:01:20]} Nd6 {[%emt 0:03:48]} 38. Qg5 {[%emt 0:02:05]} Qb1+ {[%emt 0:00:42]} 39. Bc1 {[%emt 0:01:23]} Ne4 {[%emt 0:01:18]} 40. Qe3 {[%emt 0:00:00]} Nf6 {[%emt 0:00:00]} 41. Kg2 {[%emt 0:02:45]} Qc2 {[%emt 0:01:48]} 42. Kg1 {[%emt 0:00:22]} Qf5 {[%emt 0:01:26]} 43. Qf4 {[%emt 0:03:14]} Qd7 {[%emt 0:04:21]} 44. Be3 {[%emt 0:07:13]} Qh3 {[%emt 0:02:29]} 45. Bf1 {[%emt 0:04:38]} Qe6 {[%emt 0:00:32]} 46. Be2 {[%emt 0:00:12]} Ne4 {[%emt 0:07:56]} 47. Bf3 {[%emt 0:01:02]} Qd7 {[%emt 0:01:25]} 48. Qh2 {[%emt 0:04:19]} Nf6 {[%emt 0:01:15]} 49. Bg5 {[%emt 0:01:27]} Ng4 {[%emt 0:06:04]} 50. Qe2 {[%emt 0:02:01]} Bf5 {[%emt 0:00:25]} 51. Qe7 {[%emt 0:03:47]} Qa4 {[%emt 0:06:51]} 52. Qe2 {[%emt 0:00:11]} ({Don't blunder} 52. Qxb7 $2 Qc2 $19) 52... Qc6 {[%emt 0:00:31]} 53. Qe7 {[%emt 0:03:14]} Qa4 {[%emt 0:01:41]} 54. Qe2 {[%emt 0:01:19]} Qb3 {[%emt 0:00:29]} 55. Be7 {[%emt 0:02:09]} Qa2 {[%emt 0:00:28]} 56. Bxg4 {[%emt 0:03:16]} hxg4 {[%emt 0:00:25]} 57. Qf1 {[%emt 0:00:51]} Be4 {[%emt 0:00:27]} 58. Qc1 {[%emt 0:00:27] [#]} g3 $1 {[%emt 0:01:13]} 59. Bd6 {[%emt 0:00:00]} g2 {[%emt 0:00:00]} 60. Kh2 {[%emt 0:03:56] [#]} Qc4 $1 {[%emt 0:00:19]} 61. Qd1 {[%emt 0:00:35] [#]} g6 $1 {[%emt 0:00:29]} ({Don't play} 61... Qf1 $6 62. Qh5+ Kg8 63. Qe8+ Kh7 64. Qh5+ Kg8 65. Qe8+ Kh7 66. Qh5+ $11) 62. Kg1 {[%emt 0:01:48]} Qc8 {[%emt 0:00:36]} 63. Bh2 {[%emt 0:02:35]} Qh3 {[%emt 0:00:33]} 64. Qe2 {[%emt 0:00:10]} Qxh4 {[%emt 0:00:52]} 65. Qf2 {[%emt 0:00:08]} Qe7 {[%emt 0:00:24]} 66. Be5 {[%emt 0:00:22] [#]} Kg8 $1 {[%emt 0:01:18]} 67. Qf6 {[%emt 0:01:30]} Qxf6 {[%emt 0:00:07]} 68. Bxf6 {[%emt 0:00:04]} Kf7 {[%emt 0:00:18]} 69. Be5 {[%emt 0:00:03]} b5 {[%emt 0:00:20]} 70. Kf2 {[%emt 0:00:08]} Ke6 {[%emt 0:00:15]} 71. Bh2 {[%emt 0:00:25]} Kf5 {[%emt 0:00:36]} 72. Kg3 {[%emt 0:00:16]} g5 {[%emt 0:00:14]} 73. Bg1 {[%emt 0:00:16]} g4 {[%emt 0:00:19]} 74. Kf2 {[%emt 0:00:38]} Bf3 {[%emt 0:01:21]} 75. Ke3 {[%emt 0:00:07]} Ke6 {[%emt 0:00:28]} 76. Kf4 {[%emt 0:00:59]} Kd6 $17 {[%emt 0:00:11]} 77. b4 {[%emt 0:00:40]} Ke6 {[%emt 0:00:26]} 78. Kg5 {[%emt 0:00:06]} Be2 {[%emt 0:00:53]} 79. Be3 {[%emt 0:00:06]} Bd1 {[%emt 0:00:34]} 80. Bg1 {[%emt 0:00:06]} Bf3 {[%emt 0:00:25]} 81. Be3 {[%emt 0:00:04] Ke5} 1/2-1/2